000 00403nam a22001697a 4500
003 MPLRDC
005 20220104124958.0
008 210129b ||||| |||| 00| 0 eng d
082 _a857.9 DGH-49 v.1
100 _a独孤红
245 _a楼外楼(一)
_c
260 _a
_b毅力
_c
300 _b
490 _a独孤红小说专辑. 11
650 _a武侠小说
942 _cBK
_o857.9 DGH-49 v.1
999 _c23659
_d23649